Normal view
MARC view
- Jhang District (Pakistan)
Entry Geographic Name
001 - CONTROL NUMBER
- control field: 1317
003 - CONTROL NUMBER IDENTIFIER
- control field: NUST
005 - DATE AND TIME OF LATEST TRANSACTION
- control field: 20170523123333.0
008 - FIXED-LENGTH DATA ELEMENTS
- fixed length control field: 170523|| aca||aabn | a|a d
040 ## - CATALOGING SOURCE
- Original cataloging agency: NUST
- Transcribing agency: NUST
151 ## - HEADING--GEOGRAPHIC NAME
- Geographic name: Jhang District (Pakistan)
- General subdivision: Gazetteers.
670 ## - SOURCE DATA FOUND
- Source citation: Work cat.: (NUST)0: Gazetteer of the Jhang District, 1883-84., 2000.
